Tot cantant / Teresa Rebull
Descripción Física:
353 p., [10] p. de fot. ; 21 cm
MARC
| LEADER | 00000nam a2200000Ia 4500 | ||
|---|---|---|---|
| 001 | 12240 | ||
| 008 | 160829s1999 xx 000 0 cat d | ||
| 080 | |a B-1-207 | ||
| 100 | |a Rebull, Teresa |9 20625 | ||
| 245 | |a Tot cantant / Teresa Rebull | ||
| 260 | |a Barcelona : |b Columna, |c 1999 | ||
| 300 | |a 353 p., [10] p. de fot. ; |c 21 cm | ||
| 590 | |a Col·labora en l'edició la Diputació de Barcelona | ||
| 710 | 1 | |a Barcelona (Catalunya : Província). |b Diputació |9 52408 | |
| 901 | |a Arxiu | ||
| 942 | |n 1 | ||
| 952 | |0 0 |1 0 |4 0 |6 B1207 |7 1 |9 41613 |a Arxiu |b Arxiu |d 2016-12-01 |l 0 |o B-1-207 |p 12240 |r 2016-12-01 00:00:00 |w 2016-12-01 |y ARXIU | ||
| 999 | |c 43503 |d 43503 | ||